000 00570nam a2200181 i 4500
001 79671
003 ES-MaACL
005 20230906174028.0
007 t|
008 041022s1976 sp ||||1| spa d
245 0 3 _aEl derecho de ser hombre
_b: antología /
_cbajo la dirección de Jeanne Hersch ; [traducción por Gonzalo Arias Bonet].
250 _a2ª ed.
260 _aSalamanca :
_bSígueme,
_c1976.
300 _a600 p., 4 lám. ;
_c25 cm.
700 1 _aHersch, Jeanne.
_963386
700 1 _aArias Bonet, Gonzalo.
_922764
852 _aES-MaACL
_jA-6255
_bR.95363
999 _c79671
_d79671